00454 a2200145 4500010001400000020002600014035001300040037001600053082001600069100001700085245008100102260004600183300002800229500005100257 aENG-88947 a9780195692426c595.00 aEN-72480 bDBAD / PUB14a379.5409034 aSeth, Sanjay1 aSubject lessons :cby Sanjay Sethbthe western education of Colonial India / aNew DelhibOxford University Pressc2008 ax, 263p. ;c22 cm (Hb) aIncludes bibliographical references and index